| 000 | 00988nam a22002057a 4500 | ||
|---|---|---|---|
| 005 | 20250918103556.0 | ||
| 008 | 250918s xxk|||||o|||| 00| 0 eng d | ||
| 041 | _aeng | ||
| 110 | _aRoyal Institution of Chartered Surveyors | ||
| 245 |
_aRICS Artificial Intelligence in Construction report 2025 _h[Electronic resource] |
||
| 260 |
_aLondon, _bRoyal Institution of Chartered Surveyors, _cSeptember 2025 |
||
| 520 | _aUsing the survey responses of more than 2,200 professionals globally, this report examines current attitudes toward AI in the construction sector and recommends actions to accelerate progress and ensure responsible AI integration. | ||
| 650 | _aARTIFICIAL INTELLIGENCE | ||
| 650 | _aCONSTRUCTION | ||
| 651 | _aInternational | ||
| 690 |
_aArtificial Intelligence _96352 |
||
| 710 | _aRoyal Institution of Chartered Surveyors | ||
| 856 |
_uhttps://www.rics.org/news-insights/artificial-intelligence-in-construction-report _zAvailable free on RICS.org |
||
| 942 | _n0 | ||
| 999 |
_c122211 _d122211 |
||